00758nam a22002417a 45000010005000000030006000050050017000110080041000280200018000690400029000870500015001160820010001311000022001412450035001632600045001983000054002434900026002975050008003235200104003315210029004355210020004646500032004848464FISKH20250915100307.0250915b cb ||||| |||| 00| 0 eng d a9780736880664 aFISKHbengcFISKHdFISKH aQL430 .H65 a593.3 aHolmes, Kevin J.  aSnails / cby Kevin J. Holmes  aMinnestota :bBridgestone Books ,c1998. a24 pages : bcolor illustrations ;c20 x 20 cm .  aAnimals - Bridgestone aK  aAn introduction to snails' physical characteristics, habits, behavior, and relationships to humans.8 a510 bLexile estimate 8 aK bRaz-Plus  aSnailsvJuvenile Literaute